[Event "EU-ch Women"]
[Site "Istanbul"]
[Date "2003.06.10"]
[Round "7"]
[White "Cmilyte, Viktorija"]
[Black "Skripchenko Lautier, Almira"]
[Result "1/2-1/2"]
[WhiteElo "2430"]
[BlackElo "2501"]
[PlyCount "168"]
[EventDate "2003.06.02"]
[EventType "swiss"]
[EventRounds "11"]
[EventCountry "TUR"]
[Source "Fruth,M"]
[SourceDate "2003.05.15"]

1. d4 d5 2. c4 e6 3. Nf3 Be7 4. Nc3 Nf6 5. Bg5 h6 6. Bh4 O-O 7. e3 b6 8. Qb3
Bb7 9. Bxf6 Bxf6 10. cxd5 exd5 11. Rd1 Re8 12. Be2 c6 13. O-O Nd7 14. Rfe1 Nf8
15. e4 g6 16. e5 Bg7 17. Bd3 Ne6 18. Bb1 Qe7 19. g3 Rad8 20. Ne2 Bc8 21. Kh1 c5
22. Qc2 Nf8 23. Qd3 Bg4 24. Neg1 Ne6 25. Rc1 Bxf3+ 26. Nxf3 cxd4 27. Nxd4 Nxd4
28. Qxd4 Bxe5 29. Qa4 Qb7 30. Bd3 Re7 31. Ba6 Qd7 32. Qxd7 Rdxd7 33. Bb5 Rd8
34. b3 g5 35. f4 gxf4 36. gxf4 Bxf4 37. Rxe7 Bxc1 38. Rxa7 d4 39. Bd3 Rd6 40.
Kg2 Rf6 41. a4 Bd2 42. Rd7 Bc3 43. b4 Bxb4 44. Rxd4 Bc5 45. Rd5 Rf2+ 46. Kg3
Ra2 47. Bb5 Kg7 48. Rd7 Ra3+ 49. Rd3 Ra1 50. h3 Kg6 51. Kf4 Rf1+ 52. Rf3 Bd6+
53. Ke3 Re1+ 54. Kf2 Re5 55. Rg3+ Kf6 56. Rf3+ Ke7 57. Bd3 Bc5+ 58. Kg2 Rg5+
59. Rg3 Rd5 60. Rf3 Rd4 61. Bb5 Rd2+ 62. Kg3 Bd6+ 63. Kg4 Rd4+ 64. Kf5 Rd5+ 65.
Ke4 Re5+ 66. Kd3 Bc5 67. Rf4 f5 68. Rh4 Be3 69. Rc4 Bc5 70. Rh4 Re6 71. Bc4 Rf6
72. Ke2 f4 73. Kf3 Be3 74. Rg4 Kd6 75. Bd3 Kc5 76. Rg6 Rf8 77. Rxh6 Kb4 78. Bb5
Rg8 79. Rh7 Rg3+ 80. Ke4 Bd2 81. Rd7 Be3 82. h4 Rh3 83. Rh7 Bd2 84. Rd7 Be3
1/2-1/2

[Event "White Nights op"]
[Site "St.Petersburg"]
[Date "2003.07.05"]
[Round "7"]
[White "Sergeev, Veniamin"]
[Black "Doroshkievich, Vladimir K"]
[Result "1/2-1/2"]
[WhiteElo "2426"]
[BlackElo "2413"]
[PlyCount "40"]
[EventDate "2003.06.29"]
[EventType "swiss"]
[EventRounds "9"]
[EventCountry "RUS"]
[Source "Fruth,M"]
[SourceDate "2003.05.15"]

1. d4 d5 2. c4 e6 3. Nc3 Be7 4. Nf3 Nf6 5. Bg5 h6 6. Bh4 O-O 7. e3 b6 8. Be2
dxc4 9. Bxc4 Bb7 10. Bg3 Bd6 11. O-O Bxg3 12. hxg3 Ne4 13. Rc1 Qe7 14. Nxe4
Bxe4 15. Bd3 Bb7 16. b4 Rc8 17. Qb3 Nd7 18. Rfd1 Qd6 19. Qb1 Qe7 20. Qb2 c6
1/2-1/2

[Event "Russian Cup Stage 1"]
[Site "Tomsk"]
[Date "2003.07.08"]
[Round "5"]
[White "Bocharov, Dmitry"]
[Black "Nikitin, Andrey"]
[Result "1/2-1/2"]
[WhiteElo "2526"]
[BlackElo "2483"]
[PlyCount "55"]
[EventDate "2003.07.04"]
[EventType "swiss"]
[EventRounds "9"]
[EventCountry "RUS"]
[Source "Fruth,M"]
[SourceDate "2003.05.15"]

1. d4 d5 2. c4 e6 3. Nf3 Be7 4. Nc3 Nf6 5. Bg5 h6 6. Bh4 O-O 7. e3 b6 8. Be2
Bb7 9. Bxf6 Bxf6 10. cxd5 exd5 11. b4 c6 12. O-O a5 13. b5 c5 14. Ne5 cxd4 15.
exd4 Bxe5 16. dxe5 d4 17. Na4 Qg5 18. Bg4 Qxe5 19. Nxb6 Ra7 20. Re1 Qd6 21. Na4
Qd5 22. Bf3 Qxb5 23. Qxd4 Nc6 24. Bxc6 Qxc6 25. f3 Raa8 26. Nc5 Rad8 27. Qf2
Rfe8 28. Nxb7 1/2-1/2

[Event "Montreal IT 4"]
[Site "Montreal"]
[Date "2003.08.01"]
[Round "9"]
[White "Romanishin, Oleg M"]
[Black "Barsov, Alexei"]
[Result "1/2-1/2"]
[WhiteElo "2561"]
[BlackElo "2526"]
[PlyCount "24"]
[EventDate "2003.07.23"]
[EventType "tourn"]
[EventRounds "11"]
[EventCountry "CAN"]
[EventCategory "11"]
[Source "Fruth,M"]
[SourceDate "2003.05.15"]

1. d4 Nf6 2. Nf3 d5 3. c4 e6 4. Nc3 Be7 5. Bg5 h6 6. Bh4 O-O 7. e3 b6 8. Bd3 c5
9. O-O cxd4 10. exd4 dxc4 11. Bxc4 Bb7 12. Rc1 Nc6 1/2-1/2

[Event "Hilton Premier IT"]
[Site "Blackpool"]
[Date "2003.??.??"]
[Round "7"]
[White "Palliser, Richard"]
[Black "Haslinger, Stewart"]
[Result "1/2-1/2"]
[WhiteElo "2438"]
[BlackElo "2414"]
[PlyCount "22"]
[EventDate "2003.08.04"]
[EventType "tourn"]
[EventRounds "9"]
[EventCountry "ENG"]
[EventCategory "8"]
[Source "Fruth,M"]
[SourceDate "2003.05.15"]

1. d4 d5 2. c4 e6 3. Nc3 Nf6 4. Bg5 Be7 5. Nf3 O-O 6. e3 h6 7. Bh4 b6 8. Be2
Bb7 9. Bxf6 Bxf6 10. cxd5 exd5 11. b4 c6 1/2-1/2

[Event "North Ural Cup Women IT"]
[Site "Krasnoturinsk"]
[Date "2003.08.15"]
[Round "7"]
[White "Zhukova, Natalia"]
[Black "Skripchenko Lautier, Almira"]
[Result "1-0"]
[WhiteElo "2439"]
[BlackElo "2489"]
[PlyCount "51"]
[EventDate "2003.08.09"]
[EventType "tourn"]
[EventRounds "7"]
[EventCountry "RUS"]
[EventCategory "8"]
[Source "Fruth,M"]
[SourceDate "2003.05.15"]

1. d4 d5 2. c4 e6 3. Nc3 Be7 4. Nf3 Nf6 5. Bg5 h6 6. Bh4 O-O 7. e3 b6 8. Bd3
Bb7 9. O-O Nbd7 10. Bg3 c5 11. cxd5 exd5 12. Rc1 Ne4 13. dxc5 Nxg3 14. hxg3
bxc5 15. Qe2 Qb6 16. e4 d4 17. Na4 Qe6 18. b4 cxb4 19. Rc7 Bc8 20. e5 Rb8 21.
Bc4 Qg4 22. e6 Bd8 23. Rxa7 d3 24. Qxd3 fxe6 25. Rxd7 Bxd7 26. Ne5 1-0

[Event "Athens Acropolis GM IT"]
[Site "Athens"]
[Date "2003.??.??"]
[Round "2"]
[White "Vouldis, Angelos"]
[Black "Atalik, Suat"]
[Result "0-1"]
[WhiteElo "2539"]
[BlackElo "2599"]
[PlyCount "80"]
[EventDate "2003.08.25"]
[EventType "tourn"]
[EventRounds "9"]
[EventCountry "GRE"]
[EventCategory "12"]
[Source "Fruth,M"]
[SourceDate "2003.05.15"]

1. d4 d5 2. c4 e6 3. Nc3 Be7 4. Nf3 Nf6 5. Bg5 h6 6. Bh4 O-O 7. e3 b6 8. Be2
Bb7 9. Bxf6 Bxf6 10. cxd5 exd5 11. b4 c6 12. O-O Re8 13. Qb3 a5 14. bxa5 Rxa5
15. Rab1 Nd7 16. a4 Re6 17. Rfd1 Ba6 18. Bxa6 Rxa6 19. Qc2 Qa8 20. Re1 Nf8 21.
h4 Be7 22. Qf5 Bd6 23. h5 Qd8 24. Qd3 Ra5 25. g3 Nd7 26. e4 dxe4 27. Rxe4 Rxe4
28. Nxe4 Bc7 29. Qc4 Nb8 30. Nc3 Rxh5 31. Re1 Qd7 32. Re4 Bd6 33. Ne5 Bxe5 34.
Rxe5 Rxe5 35. dxe5 Qe6 36. Qxe6 fxe6 37. f4 Na6 38. Kf2 Kf7 39. Ke3 Nc5 40. Kd4
h5 0-1

[Event "RUS-ch 56"]
[Site "Krasnoyarsk"]
[Date "2003.09.09"]
[Round "6.21"]
[White "Chernyshov, Konstantin"]
[Black "Rustemov, Alexander"]
[Result "1-0"]
[WhiteElo "2541"]
[BlackElo "2604"]
[PlyCount "77"]
[EventDate "2003.09.03"]
[EventType "swiss"]
[EventRounds "9"]
[EventCountry "RUS"]
[Source "Fruth,M"]
[SourceDate "2003.05.15"]

1. c4 e6 2. Nc3 d5 3. d4 Be7 4. Nf3 Nf6 5. Bg5 h6 6. Bh4 O-O 7. e3 b6 8. Bxf6
Bxf6 9. cxd5 exd5 10. Rc1 Be6 11. Bd3 c5 12. O-O Nd7 13. Bb1 Qe7 14. Re1 Rfd8
15. dxc5 Bxc3 16. Qd3 g6 17. Qxc3 bxc5 18. Bd3 Rdb8 19. Ne5 Nxe5 20. Qxe5 c4
21. Bc2 Qg5 22. Qd4 Rb4 23. f4 Qd8 24. b3 a5 25. a3 Rb5 26. bxc4 dxc4 27. Qc3
Rab8 28. e4 Qh4 29. Rf1 Rh5 30. h3 Rd8 31. Rcd1 Rxd1 32. Rxd1 Kh7 33. f5 gxf5
34. exf5 Bxf5 35. g4 Rg5 36. Bxf5+ Rxf5 37. gxf5 Qg5+ 38. Kh2 Qxf5 39. Rg1 1-0

[Event "RUS-ch 56"]
[Site "Krasnoyarsk"]
[Date "2003.09.12"]
[Round "9.33"]
[White "Aseev, Konstantin N"]
[Black "Rychagov, Andrey"]
[Result "1/2-1/2"]
[WhiteElo "2522"]
[BlackElo "2556"]
[PlyCount "23"]
[EventDate "2003.09.03"]
[EventType "swiss"]
[EventRounds "9"]
[EventCountry "RUS"]
[Source "Fruth,M"]
[SourceDate "2003.05.15"]

1. c4 e6 2. d4 d5 3. Nf3 Nf6 4. Nc3 Be7 5. Bg5 O-O 6. e3 h6 7. Bh4 b6 8. Bd3
Bb7 9. O-O Nbd7 10. Qe2 dxc4 11. Bxc4 Ne4 12. Bxe7 1/2-1/2

[Event "ARM-ch 63"]
[Site "Yerevan"]
[Date "2003.09.18"]
[Round "3"]
[White "Sargissian, Gabriel"]
[Black "Mkrtchian, Lilit"]
[Result "1-0"]
[WhiteElo "2600"]
[BlackElo "2413"]
[PlyCount "115"]
[EventDate "2003.09.16"]
[EventType "tourn"]
[EventRounds "9"]
[EventCountry "ARM"]
[EventCategory "10"]
[Source "Fruth,M"]
[SourceDate "2003.05.15"]

1. d4 e6 2. c4 Nf6 3. Nc3 d5 4. Nf3 Be7 5. Bg5 h6 6. Bh4 O-O 7. e3 b6 8. Bd3
Bb7 9. O-O Nbd7 10. Qe2 Ne4 11. Bg3 c5 12. cxd5 exd5 13. Rad1 Ndf6 14. dxc5
Nxc3 15. bxc3 Bxc5 16. Nd4 Qe7 17. Bh4 Qe5 18. Bg3 Qe7 19. Bh4 Qe5 20. Bc2 a5
21. f4 Qd6 22. Rf3 Ba6 23. Qe1 Bxd4 24. Rxd4 Rfe8 25. Bb3 Bb7 26. Bxf6 Qxf6 27.
Bxd5 Bxd5 28. Rxd5 Re4 29. Qd2 Rae8 30. h3 Qe7 31. Rd3 a4 32. f5 Qf6 33. Rd6
Qg5 34. Rd3 Qf6 35. Rd6 Qg5 36. Kf2 Qh4+ 37. Kf1 Qg5 38. Rd3 Qf6 39. Rd4 b5 40.
Qd3 R4e5 41. e4 Qh4 42. Re3 Qf4+ 43. Ke2 Qh2 44. Kf3 Qg1 45. Qe2 h5 46. Qf2 Qb1
47. Qe2 Qg1 48. Rd5 Qh2 49. Qf2 a3 50. Qe1 g5 51. Rxe5 Qf4+ 52. Ke2 Qxe5 53.
Qd2 Qh2 54. Kd1 Qf4 55. Re1 Qg3 56. e5 Rc8 57. e6 fxe6 58. Rxe6 1-0

[Event "GRE-GEO Match match"]
[Site "Athens"]
[Date "2003.09.23"]
[Round "5"]
[White "Gagunashvili, Merab"]
[Black "Vouldis, Angelos"]
[Result "1/2-1/2"]
[WhiteElo "2577"]
[BlackElo "2539"]
[PlyCount "139"]
[EventDate "2003.09.18"]
[EventType "team"]
[EventRounds "6"]
[EventCountry "GRE"]
[Source "Fruth,M"]
[SourceDate "2003.05.15"]
[WhiteTeam "GEO"]
[BlackTeam "GRE"]
[WhiteTeamCountry "GEO"]
[BlackTeamCountry "GRE"]

1. d4 Nf6 2. c4 e6 3. Nc3 d5 4. Bg5 Be7 5. e3 h6 6. Bh4 O-O 7. Nf3 b6 8. Be2
Bb7 9. Bxf6 Bxf6 10. cxd5 exd5 11. b4 c6 12. O-O Re8 13. a4 a5 14. bxa5 Rxa5
15. Nd2 Nd7 16. Nb3 Ra7 17. Ra2 Be7 18. Qc2 Bd6 19. Rfa1 Bc7 20. Bf3 g6 21. g3
h5 22. Bxd5 cxd5 23. Nb5 Bb8 24. Nxa7 Bxa7 25. a5 Nb8 26. axb6 Bxb6 27. Na5 Bc8
28. Nc6 Qf6 29. Nxb8 Bh3 30. Qd1 Rxb8 31. Ra8 Rxa8 32. Rxa8+ Kg7 33. f3 Qc6 34.
Ra2 Bd8 35. Kf2 Bg5 36. Rc2 Qe6 37. Rc3 Qf6 38. Rc5 Be6 39. Qb1 Kh7 40. Rc3 Bh6
41. h4 Bg4 42. Qd1 Bf8 43. Kg2 Be6 44. Qb1 Kg7 45. Qb8 Bd6 46. Qb1 g5 47. Rc6
Be7 48. hxg5 Bh3+ 49. Kxh3 Qxc6 50. f4 Qc8+ 51. Kg2 Qg4 52. Qb7 Qe2+ 53. Kh3
Qf1+ 54. Kh2 Qf2+ 55. Kh3 Qf3 56. Kh2 Qxe3 57. Qxd5 Bb4 58. Qe5+ Qxe5 59. dxe5
Kg6 60. Kh3 Kf5 61. Kh4 Be1 62. Kh3 Bf2 63. Kh4 Kg6 64. Kh3 Be1 65. g4 h4 66.
e6 fxe6 67. f5+ Kxg5 68. fxe6 Bb4 69. e7 Bxe7 70. Kg2 1/2-1/2

[Event "Samba Cup IT 1"]
[Site "Skanderborg"]
[Date "2003.10.17"]
[Round "7"]
[White "Hansen, Curt"]
[Black "Short, Nigel D"]
[Result "0-1"]
[WhiteElo "2616"]
[BlackElo "2701"]
[PlyCount "142"]
[EventDate "2003.10.10"]
[EventType "tourn"]
[EventRounds "9"]
[EventCountry "DEN"]
[EventCategory "16"]
[Source "Fruth,M"]
[SourceDate "2003.05.15"]

1. Nf3 d5 2. d4 Nf6 3. c4 e6 4. Nc3 Be7 5. Bg5 h6 6. Bh4 O-O 7. e3 b6 8. Rc1
Bb7 9. Bxf6 Bxf6 10. cxd5 exd5 11. b4 c6 12. Bd3 Be7 13. Qb3 Qd6 14. Rb1 Nd7
15. O-O f5 16. Rfd1 Rad8 17. a4 Kh8 18. Bf1 g5 19. b5 c5 20. dxc5 Nxc5 21. Qa2
Bf6 22. Ne2 Ne4 23. Nfd4 Be5 24. Nf3 Bg7 25. Nfd4 f4 26. exf4 gxf4 27. Rbc1 Rd7
28. Nf3 Ng5 29. Ned4 Nxf3+ 30. Nxf3 d4 31. Qb3 Re8 32. Re1 Rxe1 33. Rxe1 Re7
34. Rxe7 Qxe7 35. h3 Bf6 36. Bc4 Qc5 37. Kh2 Be4 38. Kg1 Kg7 39. Nd2 Bg6 40.
Qf3 h5 41. Qb7+ Qe7 42. Qxe7+ Bxe7 43. Nf3 d3 44. Kf1 Bf6 45. Ke1 Bc3+ 46. Kd1
Kf6 47. g4 fxg3 48. fxg3 Bf5 49. Kc1 Ke7 50. g4 hxg4 51. Nh4 d2+ 52. Kd1 Bd7
53. hxg4 Bxg4+ 54. Be2 Bxe2+ 55. Kxe2 Ke6 56. Kd1 Bb4 57. Nf3 Kd5 58. Kc2 Bc3
59. Ng5 Kc4 60. Ne4 Bb4 61. Ng5 Ba5 62. Ne6 Kb4 63. Nd4 Kxa4 64. Nc6 Kxb5 65.
Nxa7+ Kc5 66. Nc8 b5 67. Ne7 Bc3 68. Nf5 b4 69. Ne3 Kd4 70. Nf1 b3+ 71. Kd1 b2
0-1

[Event "Samba Cup IT 1"]
[Site "Skanderborg"]
[Date "2003.10.19"]
[Round "9"]
[White "Alekseev, Evgeny"]
[Black "Short, Nigel D"]
[Result "1/2-1/2"]
[WhiteElo "2613"]
[BlackElo "2701"]
[PlyCount "38"]
[EventDate "2003.10.10"]
[EventType "tourn"]
[EventRounds "9"]
[EventCountry "DEN"]
[EventCategory "16"]
[Source "Fruth,M"]
[SourceDate "2003.05.15"]

1. d4 Nf6 2. c4 e6 3. Nf3 d5 4. Nc3 Be7 5. Bg5 h6 6. Bh4 O-O 7. e3 b6 8. Bd3
Bb7 9. O-O Nbd7 10. Qe2 Ne4 11. Bxe7 Qxe7 12. cxd5 exd5 13. Rac1 a5 14. Qc2
Rfd8 15. Rfd1 Rac8 16. Qb3 Nxc3 17. Rxc3 g6 18. Rdc1 Qd6 19. h3 Nb8 1/2-1/2

[Event "BCF-ch 87th"]
[Site "Millfield"]
[Date "2000.08.02"]
[Round "3"]
[White "Summerscale, Aaron"]
[Black "Chandler, Murray G"]
[Result "1-0"]
[WhiteElo "2459"]
[BlackElo "2526"]
[PlyCount "127"]
[EventDate "2000.07.31"]
[EventType "swiss"]
[EventRounds "11"]
[EventCountry "ENG"]
[Source "ChessBase"]
[SourceDate "2000.09.14"]

1. d4 Nf6 2. Nf3 d5 3. c4 e6 4. Nc3 Be7 5. Bg5 h6 6. Bh4 O-O 7. e3 b6 8. Bd3
Bb7 9. O-O Nbd7 10. Bg3 c5 11. Qe2 a6 12. cxd5 exd5 13. Rad1 c4 14. Bb1 b5 15.
a3 Ne4 16. Nxe4 dxe4 17. Nd2 Nf6 18. Bh4 Re8 19. f3 exf3 20. Nxf3 Ne4 21. Bxe7
Qxe7 22. Ne5 f6 23. Ng6 Qf7 24. Nh4 g6 25. Qg4 Kh7 26. d5 h5 27. Qf3 Bxd5 28.
Nxg6 Bc6 29. Nh4 Re5 30. Nf5 Kh8 31. Nd6 Qe6 32. Nxe4 Bxe4 33. Bxe4 Rxe4 34.
Qxh5+ Kg7 35. Qc5 Rc8 36. Qa7+ Kg6 37. Rf3 Rg4 38. Rd7 Rg8 39. Qc7 Qe4 40. Qb7
Qxb7 41. Rxb7 Rd8 42. Rb6 Rd1+ 43. Rf1 Rxf1+ 44. Kxf1 c3 45. bxc3 Ra4 46. Kf2
Rxa3 47. Kf3 Kf5 48. h4 Rxc3 49. Rxa6 Rc4 50. g3 Kg6 51. Rb6 Rb4 52. g4 Kg7 53.
e4 Rb1 54. e5 fxe5 55. Ke4 Rb4+ 56. Kf5 Rf4+ 57. Kg5 b4 58. h5 Rc4 59. Rb7+ Kg8
60. h6 e4 61. Kh5 e3 62. g5 e2 63. h7+ Kh8 64. Kh6 1-0

[Event "NOR-ch"]
[Site "Roros"]
[Date "2002.07.09"]
[Round "5"]
[White "Gausel, Einar"]
[Black "Johannessen, Leif Erlend"]
[Result "1-0"]
[WhiteElo "2504"]
[BlackElo "2525"]
[PlyCount "57"]
[EventDate "2002.07.06"]
[EventType "swiss"]
[EventRounds "9"]
[EventCountry "NOR"]
[Source "ChessBase"]
[SourceDate "2002.09.10"]

1. d4 Nf6 2. Nf3 e6 3. c4 d5 4. Bg5 Be7 5. Nc3 h6 6. Bh4 O-O 7. e3 b6 8. Bd3
Bb7 9. O-O Nbd7 10. Qe2 Ne4 11. Bg3 c5 12. Rfd1 cxd4 13. exd4 Nxg3 14. hxg3
dxc4 15. Bxc4 Nf6 16. Ne5 Nd5 17. Rac1 Rc8 18. Bxd5 exd5 19. Qg4 Bd6 20. Re1
Re8 21. Qf5 Rc7 22. Nb5 Rce7 23. Nxd6 Qxd6 24. Re3 Qb4 25. Nxf7 Rxe3 26. fxe3
Rxe3 27. Nxh6+ Kh8 28. Nf7+ Kg8 29. Ng5 1-0

[Event "SLO-chT"]
[Site "Celje"]
[Date "2003.11.18"]
[Round "3"]
[White "Cebalo, Miso"]
[Black "Pavlovic, Milos"]
[Result "1/2-1/2"]
[WhiteElo "2486"]
[BlackElo "2593"]
[PlyCount "29"]
[EventDate "2003.11.17"]
[EventType "swiss"]
[EventRounds "9"]
[EventCountry "CRO"]
[Source "ChessBase"]
[SourceDate "2004.11.11"]

1. d4 Nf6 2. c4 e6 3. Nf3 d5 4. Nc3 Be7 5. Bg5 O-O 6. e3 h6 7. Bh4 b6 8. Bd3
dxc4 9. Bxc4 Bb7 10. O-O Nbd7 11. Qe2 Ne4 12. Bg3 Bd6 13. Nxe4 Bxe4 14. Rfd1
Bxg3 15. hxg3 1/2-1/2

[Event "Noyabrsk Fakel Jamala"]
[Site "Noyabrsk"]
[Date "2003.11.27"]
[Round "10"]
[White "Itkis, Boris"]
[Black "Rogovski, Vladimir"]
[Result "1/2-1/2"]
[WhiteElo "2476"]
[BlackElo "2474"]
[PlyCount "30"]
[EventDate "2003.11.18"]
[EventType "tourn"]
[EventRounds "11"]
[EventCountry "RUS"]
[EventCategory "10"]
[Source "ChessBase"]
[SourceDate "2004.03.30"]

1. d4 d5 2. c4 e6 3. Nf3 Nf6 4. Nc3 Be7 5. Bg5 h6 6. Bh4 O-O 7. e3 b6 8. Be2
Bb7 9. Bxf6 Bxf6 10. cxd5 exd5 11. Qb3 c6 12. O-O Na6 13. Rad1 Nc7 14. Rfe1 Ne6
15. Bf1 Re8 1/2-1/2

[Event "Varazdin IM"]
[Site "Varazdin"]
[Date "2003.11.22"]
[Round "3"]
[White "Ivanov, Jordan"]
[Black "Fancsy, Imre"]
[Result "1/2-1/2"]
[WhiteElo "2426"]
[BlackElo "2409"]
[PlyCount "25"]
[EventDate "2003.11.21"]
[EventType "tourn"]
[EventRounds "14"]
[EventCountry "CRO"]
[EventCategory "2"]
[Source "ChessBase"]
[SourceDate "2004.11.11"]

1. d4 d5 2. c4 e6 3. Nf3 Nf6 4. Nc3 Be7 5. Bg5 O-O 6. e3 h6 7. Bh4 b6 8. Bd3
Bb7 9. cxd5 Nxd5 10. Bxe7 Qxe7 11. O-O Nd7 12. Qe2 c5 13. Ba6 1/2-1/2

[Event "Gufeld mem"]
[Site "Burbank"]
[Date "2003.11.26"]
[Round "9"]
[White "Kraai, Jesse"]
[Black "Yegiazarian, Arsen"]
[Result "1/2-1/2"]
[WhiteElo "2443"]
[BlackElo "2521"]
[PlyCount "45"]
[EventDate "2003.11.22"]
[EventType "tourn"]
[EventRounds "9"]
[EventCountry "USA"]
[EventCategory "4"]
[Source "ChessBase"]
[SourceDate "2004.11.11"]

1. d4 Nf6 2. c4 e6 3. Nf3 d5 4. Nc3 Be7 5. Bg5 h6 6. Bh4 O-O 7. e3 b6 8. Be2
Bb7 9. Bxf6 Bxf6 10. cxd5 exd5 11. b4 c6 12. O-O Qd6 13. Qb3 Nd7 14. Rfd1 a5
15. b5 c5 16. dxc5 Nxc5 17. Qa3 Rac8 18. Rac1 Bxc3 19. Rxc3 Ne4 20. Qxd6 Nxd6
21. Rdc1 Rxc3 22. Rxc3 Rc8 23. Rxc8+ 1/2-1/2

[Event "GRE-ch"]
[Site "Aspropyrgos"]
[Date "2003.12.04"]
[Round "6"]
[White "Mastrovasilis, Athanasios"]
[Black "Halkias, Stelios"]
[Result "0-1"]
[WhiteElo "2500"]
[BlackElo "2546"]
[PlyCount "86"]
[EventDate "2003.11.29"]
[EventType "tourn"]
[EventRounds "9"]
[EventCountry "GRE"]
[EventCategory "8"]
[Source "ChessBase"]
[SourceDate "2004.11.11"]

1. c4 e6 2. Nf3 Nf6 3. d4 d5 4. Nc3 Be7 5. Bg5 h6 6. Bh4 O-O 7. e3 b6 8. Rc1
Bb7 9. cxd5 Nxd5 10. Bxe7 Qxe7 11. Nxd5 Bxd5 12. a3 c5 13. Bc4 Bb7 14. dxc5
bxc5 15. O-O Nd7 16. Be2 Rab8 17. Qc2 Rfc8 18. Qc3 Nb6 19. Qe5 Nd7 20. Qc3 Nb6
21. Qe5 Bd5 22. Ba6 Rd8 23. e4 Nd7 24. Qf4 Bb7 25. Be2 Nf6 26. e5 Nd7 27. Rc2
Bd5 28. Rd2 Nf8 29. Rc1 Rb3 30. Bd1 Ng6 31. Qa4 Rxf3 32. Rxd5 exd5 33. Bxf3
Nxe5 34. Be2 d4 35. Bf1 d3 36. Rd1 c4 37. Qa5 Re8 38. Qc3 Qd6 39. h3 Qd5 40. b3
cxb3 41. Bxd3 b2 42. Bh7+ Kxh7 43. Qc2+ Ng6 0-1

[Event "RUS-UKR m g/3"]
[Site "bereg.ru Int"]
[Date "2003.12.14"]
[Round "10"]
[White "Moiseenko, Alexander"]
[Black "Rustemov, Alexander"]
[Result "1-0"]
[WhiteElo "2618"]
[BlackElo "2604"]
[PlyCount "75"]
[EventDate "2003.12.14"]
[EventType "schev (blitz)"]
[EventRounds "16"]
[Source "ChessBase"]
[SourceDate "2004.11.11"]

1. d4 d5 2. c4 e6 3. Nc3 Be7 4. Nf3 Nf6 5. Bg5 h6 6. Bh4 O-O 7. e3 b6 8. Bd3
Bb7 9. O-O Nbd7 10. Bg3 Ne4 11. Bxe4 dxe4 12. Nd2 f5 13. Nb5 c5 14. Nc7 Qc8 15.
Nxe6 Rf7 16. Nb3 a5 17. a4 Bf6 18. Nc7 Rb8 19. Nb5 Re7 20. Nd6 Qf8 21. Nxf5
Ree8 22. Bd6 Qf7 23. Bxb8 Rxb8 24. Nd6 Qe6 25. Nxb7 Rxb7 26. dxc5 bxc5 27. Nxa5
Rxb2 28. Qd5 Qxd5 29. cxd5 Nb6 30. Rab1 Nxd5 31. Rxb2 Bxb2 32. Nc4 Bc3 33. a5
Nc7 34. Rd1 Na6 35. Rd6 Nb4 36. a6 Nxa6 37. Rxa6 Kf7 38. g4 1-0

[Event "Bethune op 24th"]
[Site "Bethune"]
[Date "2003.12.29"]
[Round "6"]
[White "Shchekachev, Andrei"]
[Black "Van der Stricht, Geert"]
[Result "1/2-1/2"]
[WhiteElo "2522"]
[BlackElo "2468"]
[PlyCount "43"]
[EventDate "2003.12.26"]
[EventType "swiss"]
[EventRounds "9"]
[EventCountry "FRA"]
[Source "ChessBase"]
[SourceDate "2004.03.10"]

1. Nf3 Nf6 2. c4 e6 3. Nc3 d5 4. d4 Be7 5. Bg5 O-O 6. e3 h6 7. Bh4 b6 8. Bd3
Bb7 9. O-O Nbd7 10. Qe2 Ne4 11. Bg3 c5 12. cxd5 exd5 13. Rfd1 cxd4 14. Nxd4
Nxc3 15. bxc3 Nc5 16. Bc2 Bd6 17. f4 Re8 18. Nf5 Bf8 19. Bh4 Qc8 20. Qh5 Qe6
21. Rd4 Kh8 22. Re1 1/2-1/2

[Event "Griesheim Testa GM"]
[Site "Griesheim"]
[Date "2004.01.23"]
[Round "4"]
[White "Kunin, Vitaly L"]
[Black "Galdunts, Sergey"]
[Result "1/2-1/2"]
[WhiteElo "2425"]
[BlackElo "2506"]
[PlyCount "31"]
[EventDate "2004.01.20"]
[EventType "tourn"]
[EventRounds "9"]
[EventCountry "GER"]
[EventCategory "10"]
[Source "ChessBase"]
[SourceDate "2004.03.30"]

1. d4 Nf6 2. c4 e6 3. Nf3 d5 4. Nc3 Be7 5. Bg5 h6 6. Bh4 O-O 7. e3 b6 8. Qb3
Bb7 9. Bxf6 Bxf6 10. cxd5 exd5 11. Rd1 Re8 12. Be2 c6 13. O-O Nd7 14. Rd2 Nf8
15. Rc1 Ne6 16. Qd1 1/2-1/2

[Event "Gibraltar Masters"]
[Site "Catalan Bay"]
[Date "2004.01.29"]
[Round "3"]
[White "Kuzmin, Alexey"]
[Black "Del Rio Angelis, Salvador Gabriel"]
[Result "1-0"]
[WhiteElo "2570"]
[BlackElo "2504"]
[PlyCount "69"]
[EventDate "2004.01.27"]
[EventType "swiss"]
[EventRounds "10"]
[EventCountry "ENG"]
[Source "ChessBase"]
[SourceDate "2004.03.10"]

1. d4 e6 2. c4 Nf6 3. Nf3 d5 4. Nc3 Be7 5. Bg5 O-O 6. e3 h6 7. Bh4 b6 8. Be2
Nbd7 9. cxd5 exd5 10. Qa4 c5 11. O-O c4 12. Ne5 Nxe5 13. dxe5 Ne4 14. Nxe4 Bxh4
15. Nc3 Be6 16. Bf3 Qc7 17. Bxd5 Bxd5 18. Nxd5 Qc5 19. Rad1 Rfd8 20. b4 cxb3
21. Qxb3 Rac8 22. g3 Be7 23. Rd3 Bf8 24. Rfd1 Re8 25. Rc3 Qa5 26. e6 Rxc3 27.
exf7+ Kxf7 28. Nxc3+ Kg6 29. Rd7 Qf5 30. Rxa7 Rd8 31. Qxb6+ Rd6 32. Qb5 Qc8 33.
Qb1+ Kh5 34. Ra5+ g5 35. g4+ 1-0

[Event "Gibraltar Masters"]
[Site "Catalan Bay"]
[Date "2004.02.02"]
[Round "7"]
[White "Bellon Lopez, Juan Manuel"]
[Black "Chandler, Murray G"]
[Result "0-1"]
[WhiteElo "2429"]
[BlackElo "2508"]
[PlyCount "84"]
[EventDate "2004.01.27"]
[EventType "swiss"]
[EventRounds "10"]
[EventCountry "ENG"]
[Source "ChessBase"]
[SourceDate "2004.03.10"]

1. d4 Nf6 2. Nf3 d5 3. c4 e6 4. Nc3 Be7 5. Bg5 h6 6. Bh4 O-O 7. e3 b6 8. Qc2
Bb7 9. Bxf6 Bxf6 10. cxd5 exd5 11. g4 c5 12. O-O-O Nc6 13. h4 cxd4 14. exd4 g6
15. g5 hxg5 16. hxg5 Bxg5+ 17. Kb1 Bf6 18. Bd3 Nb4 19. Bxg6 Nxc2 20. Bh7+ Kg7
21. Rdg1+ Bg5 22. Nxg5 Kf6 23. Rh6+ Ke7 24. Bxc2 Qd7 25. Re1+ Kd8 26. Re5 Qg4
27. a4 a6 28. a5 Qxd4 29. Rf5 Ke7 30. Rxb6 Rab8 31. Ne2 Qd2 32. Re5+ Kd8 33.
Nc3 Re8 34. Nxf7+ Kc7 35. Rbe6 Rxe6 36. Rxe6 Bc8 37. Re3 Bf5 38. Re7+ Kc6 39.
Ne5+ Kd6 40. Rd7+ Kxe5 41. f4+ Kxf4 42. Nxd5+ Kf3 0-1

[Event "Gibraltar Masters"]
[Site "Catalan Bay"]
[Date "2004.02.04"]
[Round "9"]
[White "Epishin, Vladimir"]
[Black "Short, Nigel D"]
[Result "1/2-1/2"]
[WhiteElo "2633"]
[BlackElo "2702"]
[PlyCount "59"]
[EventDate "2004.01.27"]
[EventType "swiss"]
[EventRounds "10"]
[EventCountry "ENG"]
[Source "ChessBase"]
[SourceDate "2004.03.10"]

1. d4 Nf6 2. c4 e6 3. Nf3 d5 4. Nc3 Be7 5. Bg5 h6 6. Bh4 O-O 7. e3 b6 8. Be2
Bb7 9. Bxf6 Bxf6 10. cxd5 exd5 11. b4 c6 12. O-O Qd6 13. Qd2 Re8 14. Rfe1 Nd7
15. Bf1 Qxb4 16. Nxd5 Qd6 17. Nxf6+ Nxf6 18. Rac1 Rac8 19. a4 Ne4 20. Qb2 c5
21. a5 Bd5 22. axb6 axb6 23. Ne5 cxd4 24. Rxc8 Rxc8 25. Qxd4 Re8 26. Nd3 Ba8
27. Qxd6 Nxd6 28. f3 Bd5 29. Nb4 Bc4 30. Rd1 1/2-1/2